000 00631cam a22001457a 4500
008 180718b2001 xxu||||| |||| 00| 0 eng d
082 _aA81x54 91/16/PT3BB/1
100 _aCensus of India 1991
245 _aMeghalaya: economic tables
260 _aDelhi
_bThe Controller of Publications
_c2001
300 _a733+p.
440 _aCensus of India 1991. Series-16, Meghalaya. Part 3B-B series, volume-1
500 _aContents: Tables B-2(F), B-3(F), B-6(F), B-7(F), B-8(F), B-9(F), B-12(F), B-13(i)(F), B-13(ii)(F), B-14(F), B-15(i)(F), B-15(ii)(F), B-16(F), B-17(F) and B-18(F)
650 _aMeghalaya - Economic conditions - Census
999 _c489304
_d489304